000 00601nam a2200217Ia 4500
003 OSt
005 20220830115438.0
008 220830b |||||||| |||| 00| 0 eng d
020 _a0 13 097116 2
040 _cIFM Library
082 _a338.04
100 _aLambing, Peggy A.
_97711
245 _aEntrepreneurship
250 _a3rd ed.
260 _aUpper Saddle River, NJ:
_bPrentice Hall,
_c2003
300 _axvi, 331p.:
_b ill.; 25cm.
500 _aIncludes Bibliographical References and Index
650 _aEntrepreneurship
_93337
700 _aKuehl, Charles R
_97713
942 _cBK
_2ddc
_n0
999 _c2912
_d2912